000
00289nam a2200121Ia 4500
008
180117s9999 xx 000 0 und d
100
_a
by AA Patawaran
245
_a
WHWN
260
_c
2017
300
_a
18-20 pages, 2017 January 22
440
_a
Philippine Panorama
650
_a
STORIES
999
_c
353636
_d
353636